Score 0/20 Timer 05:00
6 Plays Today
Victim Killer % Correct
AngelBuffy
96.7%
AdamCollective in Buffy
95.3%
Buffy (First time)The Master
90.4%
The MasterBuffy
89.4%
DarlaAngel
83.2%
WarrenWillow
80.6%
TaraWarren
80.1%
Buffy (Second time)Suicide
77.1%
Jenny CalendarAngelus
76.5%
Glory/BenGiles
75.8%
Victim Killer % Correct
Professor WalshAdam
74.8%
Principal SnyderThe Mayor
73.7%
KendraDrusilla
72.5%
Nikki WoodSpike
65.3%
Jonathan LevinsonAndrew
64.2%
TrickFaith
57.9%
The MayorGiles
53.2%
HalfrekD'Hoffryn
39.7%
AnyaA Bringer
38%
MollyCaleb
29%

You're not logged in!

Compare scores with friends on all Sporcle quizzes.
OR
Log In

Sporcle TV

Today on Sporcle TV


Watch our educational content, quiz creation guides, and fun videos on Sporcle TV.

Show Comments

Extras

Top Quizzes Today


Score Distribution

Paid Content

Your Account Isn't Verified!

In order to create a playlist on Sporcle, you need to verify the email address you used during registration. Go to your Sporcle Settings to finish the process.

Report this User

Report this user for behavior that violates our Community Guidelines.

Details: